000 00893nam a2200289 i 4500
003 EG-GICUC
005 20260427154736.0
008 260427s1929 fr ||||fr|||| 000 0 Fre d
040 _aEG-GiCUC
_bfre
_cEG-GiCUC
_dEG-GiCUC
_eRda
041 0 _afre
082 0 4 _221
_a343.9
_bLO . S
092 0 4 _221
099 _aLaw1 10 343.9 LO . S 1929
100 1 _a Lépine, Louis.
_eAuteur
245 1 4 _aMes Souvenirs :
_bAvec 19 Illustrations Hors Texte /
_cLouis Lépine.
264 1 _aParis :
_bPayot,
_c1929.
300 _a278 page :
_bphotographies ;
_c 24 cm.
336 _2rda contenu
_a texte
337 _2rda medias
_aOrdinateur
338 _2 transporteur rda
_a Ressource en ligne
546 _aTexte en français
650 1 _aDroit pénal
_2qrmak
651 1 _2qrmak
856 4 0 _uhttps://fll.law.cu.edu.eg/fulltext/bks/B10-11965.pdf
905 _a62
942 _2ddc
_n0
_cBK
_e21
999 _c73712
_d73712